000
00335nam a2200133Ia 4500
008
240624s9999 xx 000 0 und d
041
_a
eng
082
_a
332.64 GUO
100
_a
GUO XIN
245
_a
QUANTITATIVE TRADING ALGORITHMS ANALYTIC
260
_c
2017
_a
London
_b
CRC Press
300
_a
xxii, 357 p.; 23 cm.
365
_c
_b
30
999
_c
30621
_d
30621